000
00297nam a2200133Ia 4500
008
231129s1963||||xx |||||||||||||| ||spa||
040
_b
spa
082
_a
F843 P139e
100
_a
Pagnol Marcel
245
0
_a
La edad de los secretos
260
_c
1963
264
_a
Juventud
942
_2
ddc
_c
BKS
999
_c
16908
_d
16908